00460nam a22001457a 4500008004100000020001500041041000800056080000800064100000700072101000800079245008600087942001200173999001700185952011200202181015b xxu||||| |||| 00| 0 eng d a0030406315 aeng a316 a50 aSOC aThe Process Of Social Organization Power In social Systems cOlsen.M.E 2udccBK c49710d49710 00102udc40708PËKGa002b002cPËKGd2018-10-15l0o316 OLSp002-3015010r2018-10-15w2018-10-15yBK